Statystyki dla Państwa Afryki Według Granic w 30 Sekund

Kliknij tutaj aby rozwiązać quiz!

Ogólne statystyki

  • Ten quiz został rozwiązany 9 088 razy
  • Średni wynik to 38 z 48

Odpowiedzi na mapie

Odpowiedzi skodowane kolorowo w zielono-czerwonej skali na mapie do tego quizu, zgodnie z poniższymi procentami.
Ładowanie ...
 

Statystyki odpowiedzi

Kraj% Poprawnych
Libia
99%
Sudan
97%
Algieria
97%
Mali
94%
Sudan Południowy
94%
Niger
94%
Czad
93%
Republika
Środkowoafrykańska
93%
Egipt
93%
Zimbabwe
92%
Republika
Południowej Afryki
92%
Namibia
92%
Mauretania
92%
Mozambik
91%
Botswana
91%
Demokratyczna
Republika Konga
90%
Tanzania
88%
Zambia
88%
Eswatini
88%
Etiopia
88%
Lesotho
88%
Kongo
87%
Kamerun
86%
Uganda
86%
Maroko
85%
Angola
85%
Burkina Faso
85%
Kenia
83%
Rwanda
82%
Somalia
81%
Nigeria
81%
Burundi
80%
Gwinea
76%
Tunezja
75%
Erytrea
74%
Dżibuti
73%
Senegal
73%
Wybrzeże Kości
Słoniowej
71%
Benin
71%
Gabon
70%
Ghana
55%
Togo
54%
Liberia
51%
Gwinea Bissau
49%
Sierra Leone
46%
Malawi
40%
Gambia
39%
Gwinea
Równikowa
33%

Rozkład punktacji

Percentyl według liczby udzielonych odpowiedzi

Procent ludzi z każdym wynikiem

Twoja historia wyników

Nie rozwiązałeś tego quizu